ბათუმის შოთა რუსთაველის სახელმწიფო უნივერსიტეტის ბიბლიოთეკა

უცხოელები ბათუმის შესახებ და საინტერესო ტურისტული მარშრუტები / (ბიბ.ჩანაწერი № 59634)

000 -ლიდერი
ფიქსირებული სიგრძის საკონტროლო ველი 01881nam a22003017a 4500
003 - საკონტროლო ნომრის იდენტიფიკატორი
საკონტროლო ველი Ge_BSU
005 - ბოლო ოპერაციის თარიღი და დრო
საკონტროლო ველი 20231027095914.0
008 - ფიქსირებული სიგრძის მონაცემთა ელემენტები - ზოგადი ინფორმაცია
ფიქსირებული სიგრძის საკონტროლო ველი 230327s2021 ge ||||| |||| 00| 0 geo d
020 ## - წიგნის საერთაშორისო სტანდარტული ნომერი
International Standard Book Number 9789941460951
041 ## - ენის კოდი
Language code of text/sound track or separate title geo
080 ## - უნივერსალური ათობითი კლასიფიკაციის ინდექსი
Universal Decimal Classification number 338.48(479.223)+908 ზ-78
100 ## - მთავარი ჩანაწერი - პიროვნების სახელი
Personal name ზოიძე, თემურ
9 (RLIN) 17261
245 ## - ცნობა სათაურის შესახებ
Title უცხოელები ბათუმის შესახებ და საინტერესო ტურისტული მარშრუტები /
Statement of responsibility, etc თემურ ზოიძე, ოთარ გოგოლიშვილი, თეონა ზოიძე; რედაქტორი გუნა სამნიძე; ინგლის. თარგმნა თეონა ზოიძემ.
264 ## - წარმოების, გამოცემის, დისტრიბუციის და სხვა ცნობები
გამოცემის, წარმოების, დისტრიბუციის... ადგილი ბათუმი :
გამოცემის, წარმოების, დისტრიბუციის... სახელწოდება ს.ს. ''გამომცემლობა აჭარა'',
გამოცემის, წარმოების, დისტრიბუციის... თარიღი 2021.
300 ## - ფიზიკური აღწერა
Extent 223 გვ.:
Other physical details სურ.;
Dimensions 21 სმ.
500 ## - ზოგადი შენიშვნა
General note 121 გვერდიდან არის ინგლ. ენ. ტექსტი
პარალ. სათაური ინგლ. ენაზე.
501 ## - შენიშვნა თანმხლებ მასალაზე
With note წინასიტყვაობა ინგლ. ენაზე გვ. 121-221.
504 ## - BIBLIOGRAPHY, ETC. NOTE
Bibliography, etc ბიბლიოგრ. გვ. 119-120.
653 ## - INDEX TERM--UNCONTROLLED
Uncontrolled term ბათუმი
653 ## - INDEX TERM--UNCONTROLLED
Uncontrolled term ტურიზმი
653 ## - INDEX TERM--UNCONTROLLED
Uncontrolled term ტურისტული მარშრუტები ბათუმში
653 ## - INDEX TERM--UNCONTROLLED
Uncontrolled term ინგლისელები ბათუმის შესახებ
700 ## - ADDED ENTRY--PERSONAL NAME
Personal name გოგოლიშვილი, ოთარ
Relator term ავტორი
9 (RLIN) 17262
700 ## - ADDED ENTRY--PERSONAL NAME
Personal name ზოიძე, თეონა
Relator term ავტორი
9 (RLIN) 17263
700 ## - ADDED ENTRY--PERSONAL NAME
Personal name სამნიძე, გუნა
Relator term რედაქტორი
9 (RLIN) 17264
700 ## - ADDED ENTRY--PERSONAL NAME
Personal name ზოიძე, თეონა
Relator term მთარგმნელი
9 (RLIN) 17263
942 ## - ADDED ENTRY ELEMENTS (KOHA)
Source of classification or shelving scheme
Koha item type წიგნი
ეგზემპლარები
ჩამოწერის სტატუსი დაკარგული ეგზემპლარის სტატუსი კლასიფიკაციის წყარო ან თაროზე გაწყობის სქემა დაზიანების სტატუსი არ გაიცემა მუდმივი მდებარეობა (დაცვის ადგილი) ამჟამინდელი ადგილსამყოფელი თაროზე განთავსების ადგილი შეძენის თარიღი ღირებულება, შესყიდვის ნორმალური ფასი სრული შენახვის შიფრი შტრიხკოდი ბოლო ოპერაციის თარიღი ეგზემპლარის მიმდევრობითი ნომერი (კეტერი?) ფასის ძალაში შესვლის თარიღი ეგზემპლარის სახეობა საჯარო შენიშვნა Uniform Resource Identifier
          ბათუმის შოთა რუსთაველის სახელმწიფო უნივერსიტეტის მთავარი ბიბლიოთეკა ბათუმის შოთა რუსთაველის სახელმწიფო უნივერსიტეტის მთავარი ბიბლიოთეკა წიგნსაცავი 2023-03-27 5.00 338.48(479.223)+908 ზ-78 64064 2023-03-27 64064 2023-03-27 წიგნი 5 ლ.  
          ბათუმის შოთა რუსთაველის სახელმწიფო უნივერსიტეტის მთავარი ბიბლიოთეკა ბათუმის შოთა რუსთაველის სახელმწიფო უნივერსიტეტის მთავარი ბიბლიოთეკა წიგნსაცავი 2023-03-27 5.00 338.48(479.223)+908 ზ-78 64065 2023-03-27 64065 2023-03-27 წიგნი 5 ლ.  
          ბათუმის შოთა რუსთაველის სახელმწიფო უნივერსიტეტის მთავარი ბიბლიოთეკა ბათუმის შოთა რუსთაველის სახელმწიფო უნივერსიტეტის მთავარი ბიბლიოთეკა წიგნსაცავი 2023-03-27 5.00 338.48(479.223)+908 ზ-78 64066 2023-03-27 64066 2023-03-27 წიგნი 5 ლ.  
          ბათუმის შოთა რუსთაველის სახელმწიფო უნივერსიტეტის მთავარი ბიბლიოთეკა ბათუმის შოთა რუსთაველის სახელმწიფო უნივერსიტეტის მთავარი ბიბლიოთეკა წიგნსაცავი 2023-03-27 5.00 338.48(479.223)+908 ზ-78 64067 2023-03-27 64067 2023-03-27 წიგნი 5 ლ.  
          ბათუმის შოთა რუსთაველის სახელმწიფო უნივერსიტეტის მთავარი ბიბლიოთეკა ბათუმის შოთა რუსთაველის სახელმწიფო უნივერსიტეტის მთავარი ბიბლიოთეკა წიგნსაცავი 2023-10-27 5.00 338.48(479.223)+908 ზ-78 29944 2023-10-27 29944 2023-10-27 წიგნი 5.00  
          ბათუმის შოთა რუსთაველის სახელმწიფო უნივერსიტეტის მთავარი ბიბლიოთეკა ბათუმის შოთა რუსთაველის სახელმწიფო უნივერსიტეტის მთავარი ბიბლიოთეკა წიგნსაცავი 2023-10-27 5.00 338.48(479.223)+908 ზ-78 29945 2023-10-27 29945 2023-10-27 წიგნი 5.00  
          ბათუმის შოთა რუსთაველის სახელმწიფო უნივერსიტეტის მთავარი ბიბლიოთეკა ბათუმის შოთა რუსთაველის სახელმწიფო უნივერსიტეტის მთავარი ბიბლიოთეკა წიგნსაცავი 2023-10-27 5.00 338.48(479.223)+908 ზ-78 29946 2023-10-27 29946 2023-10-27 წიგნი 5.00  
          ბათუმის შოთა რუსთაველის სახელმწიფო უნივერსიტეტის მთავარი ბიბლიოთეკა ბათუმის შოთა რუსთაველის სახელმწიფო უნივერსიტეტის მთავარი ბიბლიოთეკა წიგნსაცავი 2025-01-27 5.00 338.48(479.223)+908 ზ-78 70439 2025-01-27 70439 2025-01-27 წიგნი 5.00 ნაჩუქარი